|
|
|
|
| LEADER |
01615nam a2200373Ia 4500 |
| 001 |
EBC647715 |
| 003 |
MiAaPQ |
| 005 |
20200520144314.0 |
| 006 |
m o d | |
| 007 |
cr cn||||||||| |
| 008 |
760319s2010 enka sb 000 0 eng d |
| 020 |
|
|
|z 9780857245038
|
| 020 |
|
|
|z 9780857245045
|
| 035 |
|
|
|a (MiAaPQ)EBC647715
|
| 035 |
|
|
|a (Au-PeEL)EBL647715
|
| 035 |
|
|
|a (CaPaEBR)ebr10440336
|
| 035 |
|
|
|a (CaONFJC)MIL298713
|
| 035 |
|
|
|a (OCoLC)700706421
|
| 040 |
|
|
|a MiAaPQ
|c MiAaPQ
|d MiAaPQ
|
| 050 |
|
4 |
|a Z673
|b .A627136624 2010
|
| 245 |
0 |
0 |
|a Aslib proceedings
|h [electronic resource] :
|n Volume 62, Number 4/5,
|p Content architecture :
|b exploiting and managing diverse resources ; proceedings of the 1st National Conference of the United Kingdom Chapter of the International Society for Knowledge Organization (ISKO) /
|c guest editor, Vanda Broughton.
|
| 260 |
|
|
|a [Bingley, UK] :
|b Emerald,
|c 2010.
|
| 300 |
|
|
|a p. 348-532 :
|b ill.
|
| 490 |
1 |
|
|a Aslib proceedings ;
|v vol. 62, no. 4/5
|
| 504 |
|
|
|a Includes bibliographical references.
|
| 533 |
|
|
|a Electronic reproduction. Ann Arbor, MI : ProQuest, 2015. Available via World Wide Web. Access may be limited to ProQuest affiliated libraries.
|
| 650 |
|
0 |
|a Knowledge management.
|
| 650 |
|
0 |
|a Semantic computing.
|
| 655 |
|
4 |
|a Electronic books.
|
| 700 |
1 |
|
|a Broughton, Vanda.
|
| 710 |
2 |
|
|a International Society for Knowledge Organization.
|b United Kingdom Chapter.
|
| 710 |
2 |
|
|a ProQuest (Firm)
|
| 830 |
|
0 |
|a Aslib proceedings ;
|v v. 62, no. 4/5.
|
| 856 |
4 |
0 |
|u https://ebookcentral.proquest.com/lib/matrademy/detail.action?docID=647715
|z Click to View
|